| 000 | 01210pam a2200313 a 4500 | ||
|---|---|---|---|
| 001 | 1651485 | ||
| 003 | ARRUPE | ||
| 005 | 20141107114943.0 | ||
| 008 | 970127r19971948nyub 001 0 eng | ||
| 010 | _a 97004264 | ||
| 020 | _a0486297020 (pbk.) | ||
| 040 |
_aDLC _cDLC _dDLC |
||
| 043 | _an-us--- | ||
| 050 | 0 | 0 |
_aE468 _b.P83 1997 |
| 082 | 0 | 0 |
_a973.7 _221 |
| 100 | 1 |
_aPratt, Fletcher, _d1897-1956. _912482 |
|
| 240 | 1 | 0 | _aOrdeal by fire |
| 245 | 1 | 2 |
_aA short history of the Civil War : _bordeal by fire / _cFletcher Pratt ; maps by Rafael Palacios ; new preface by David Madden. |
| 246 | 3 | 0 | _aCivil War |
| 260 |
_aMineola, N.Y. : _bDover Publications, _c1997. |
||
| 300 |
_axxii, 426 p. : _bmaps ; _c22 cm. |
||
| 500 | _aOriginally published: Ordeal by fire. Rev. 2nd ed. New York : W. Sloane, 1948. | ||
| 500 | _aIncludes index. | ||
| 651 | 0 |
_aUnited States _xHistory _yCivil War, 1861-1865. _912483 |
|
| 856 | 4 | 2 |
_3Publisher description _uhttp://www.loc.gov/catdir/description/dover032/97004264.html |
| 906 |
_a7 _bcbc _corignew _d1 _eocip _f19 _gy-gencatlg |
||
| 942 |
_2lcc _cMONOGRAPH |
||
| 999 |
_c121198 _d121198 |
||